| 000 | 00409nam a2200145 i 4500 | ||
|---|---|---|---|
| 001 | 57791 | ||
| 003 | ES-MaACL | ||
| 005 | 20230906163641.0 | ||
| 007 | t| | ||
| 008 | 031017s1969 sp ||||1| cat d | ||
| 245 | 0 | 0 |
_aDrets Humans-Declaració universal dels drets de l'home _b: text i comentari. |
| 260 |
_aBarcelona : _bAriel, _c[1969] |
||
| 300 |
_a155 p. ; _c18 cm. |
||
| 852 |
_aES-MaACL _jC-52259 _bR.70704 |
||
| 999 |
_c57791 _d57791 |
||